[Event "FIDE World Cup"]
[Site "Khanty-Mansiysk"]
[Date "2005.12.04"]
[Round "3.4"]
[White "Smirin, Ilia"]
[Black "Kamsky, Gata"]
[Result "0-1"]
[WhiteElo "2673"]
[BlackElo "2690"]
[Annotator "Kritz,L"]
[PlyCount "118"]
[EventDate "2005.11.27"]
[EventType "k.o."]
[EventRounds "7"]
[EventCountry "RUS"]
[SourceTitle "CBM 111"]
[Source "ChessBase"]
[SourceDate "2006.04.04"]
[SourceVersion "1"]
[SourceVersionDate "2006.04.04"]
[SourceQuality "1"]

1. e4 c5 2. Nf3 e6 3. c4 a6 {Diesen Zug kann man natürlich spielen, wenn man
eine Igelstellung anstrebt. Doch die Zugfolge von Weiß erlaubt Schwarz den
sofortigen Kampf um Initiative zu ergreifen:} (3... Nc6 {scheint mir die
logischste Antwort auf die Schwächung des Feldes d4 zu sein} 4. Nc3 (4. d4 {
das kann natürlich nicht das Ziel von 3.c4 gewesen sein} cxd4 5. Nxd4 Nf6 (5...
Qa5+ $5 6. Nc3 (6. Bd2 Qe5 7. Nb5 a6 8. N5c3 Bc5 $15) 6... Bb4 7. Nxc6 dxc6 8.
Bd2 $14) 6. Nc3 (6. Nxc6 dxc6 7. Qxd8+ Kxd8 8. Nc3 e5 $11) 6... Bb4 7. Nxc6
dxc6 (7... bxc6 8. Bd3 O-O 9. e5 $1 (9. O-O e5 $15) 9... Qa5 10. Bf4 Bxc3+ 11.
bxc3 Qxc3+ 12. Kf1 Ne8 13. Rb1 $44) 8. Qxd8+ Kxd8 9. Bd2 (9. e5 Ne4 10. a3
Bxc3+ 11. bxc3 Kc7 12. Be3 Nxc3 13. Bd3 Na4 $11) 9... e5 10. O-O-O Kc7 11. f3 (
11. Nd5+ Nxd5 12. cxd5 Bxd2+ 13. Rxd2 Rd8 $11) (11. Nb5+ cxb5 12. Bxb4 Nxe4 13.
Be1 Be6 $17) 11... Bc5 12. b4 Bf2 $11) 4... Nf6 {Neben diesem Zug gibt es noch
andere, die mindestens genau so gut für Schwarz sind:} (4... Nd4 $5 5. Nxd4 $1
(5. d3 Ne7 6. g3 (6. Be3 Nec6 7. Be2 Be7 8. a3 O-O 9. O-O b6 10. Nd2 Bb7 11. f4
f5 $15 {Straub - Eingorn (Bad Woerishofen, 2004)}) 6... Nec6 7. Bg2 g6 8. O-O
Nxf3+ 9. Bxf3 Bg7 10. Be3 d6 11. Qd2 O-O 12. Bg2 Rb8 13. Rab1 a6 14. f4 f5 $11
{Malakhov - Kveinys (Cappelle la Grande, 1999)}) (5. Be2 Ne7 (5... a6 6. O-O
Qc7 7. Re1 Bd6 $5 8. h3 Ne7 9. Bf1 Nxf3+ 10. Qxf3 Nc6 $15) 6. O-O Nec6 7. d3 g6
(7... Be7 8. Be3 O-O 9. Nb5 Nxe2+ 10. Qxe2 f5 $1 $15) 8. Be3 Bg7 9. Qd2 O-O 10.
Ne1 d6 11. f4 a6 12. Bf3 Bd7 13. g3 Rb8 14. Bg2 b5 15. Rd1 f5 $15 {Moshina -
Istratescu (Kavala, 2002)}) 5... cxd4 6. Ne2 Qb6 7. Ng3 Bc5 8. d3 (8. Be2 $2 d3
$1) 8... Bb4+ 9. Bd2 Qa5 $5 (9... Ne7 $6 10. Be2 O-O (10... Qa5 11. a3 Bxd2+
12. Qxd2 Qxd2+ 13. Kxd2 d6 14. Rhc1 b6 15. b4 $14 {פe7}) 11. O-O Bxd2 12. Qxd2
d6 13. f4 $14) 10. Be2 d6 11. a3 Bxd2+ 12. Qxd2 Qxd2+ 13. Kxd2 Nf6 14. Rhc1 $11
) (4... e5 $1 {Ein kleiner Paradox! Stünde der weiße Springer noch auf g1, so
wäre die weiße Stellung etwas besser, da Weiß in symmetrischer Stellung am Zug
wäre. Aber der Springer steht schlechter auf f3 als auf g1! Er versperrt
nämlich dem Bauer f2 den Weg nach f4 - der einzige aktive Plan in dieser
Stellung.} 5. g3 (5. d3 d6 6. Be2 Be7 7. O-O f5 8. exf5 Bxf5 9. Ne1 Nf6 10. Nc2
O-O 11. Ne3 Bg6 $11) 5... g6 6. Bg2 Bg7 7. a3 Nge7 8. O-O O-O 9. d3 d6 10. b4
f5 $1 (10... cxb4 {das hat Schwarz nicht nötig} 11. axb4 Nxb4 12. Be3 $44) 11.
b5 Nd4 $15 {Maze - Lautier (Val d´Isere, 2004)}) 5. Be2 Be7 $2 {Das ist jetzt
nicht folgerichtig. Man kann 5....Le7 zwar spielen und in einen normalen Igel
abwickeln, aber Schwarz steht eine besser Möglichkeit zur Verfügung:} (5... d5
$1 6. exd5 (6. e5 $6 Nd7 (6... Ne4 7. O-O Be7 (7... Nxc3 8. dxc3 $14) 8. Qb3
O-O 9. cxd5 exd5 10. Nxd5 $14) 7. cxd5 exd5 8. Bb5 (8. Nxd5 Ndxe5 9. Nxe5 Nxe5
10. Bb5+ Bd7 11. Qe2 f6 12. d4 $5 (12. f4 Kf7 13. fxe5 Bxb5 14. Qxb5 Qxd5 15.
O-O $13) 12... cxd4 13. f4 Rc8 14. fxe5 Qa5+ 15. Nc3 dxc3 16. Bxd7+ (16. exf6+
Kd8 $19) 16... Kxd7 17. O-O Qxe5 18. Qd3+ Kc6 19. bxc3 Bc5+ 20. Kh1 $44) 8...
a6 9. Bxc6 bxc6 10. O-O Be7 11. d4 O-O $15) 6... exd5 7. d4 Be7 (7... cxd4 8.
Nxd4 dxc4 (8... Nxd4 9. Qxd4 Bb4 (9... dxc4 10. Qxd8+ Kxd8 11. Bxc4 Be6 12.
Bxe6 fxe6 13. Bf4 $14) 10. cxd5 Bxc3+ 11. bxc3 Qxd5 12. Qxd5 Nxd5 13. c4 Nb4
14. O-O $14) 9. Nxc6 (9. Be3 Nxd4 10. Bxd4 Be6 $11) 9... Qxd1+ 10. Nxd1 bxc6
11. Bxc4 Bb4+ 12. Bd2 Bxd2+ 13. Kxd2 Be6 14. Bxe6 fxe6 15. Rc1 $14) 8. Be3 (8.
O-O O-O 9. dxc5 (9. cxd5 Nxd5 10. Nxd5 Qxd5 11. dxc5 Qxd1 12. Rxd1 Bxc5 $11)
9... dxc4 10. Be3 Be6 $11) 8... cxd4 9. Nxd4 O-O (9... Nxd4 10. Qxd4 dxc4 11.
Qxd8+ Bxd8 12. Bxc4 Be6 13. Bxe6 fxe6 14. O-O-O $14) 10. O-O Nxd4 11. Qxd4 dxc4
12. Bxc4 Qxd4 13. Bxd4 Rd8 14. Rad1 Bg4 15. f3 Rxd4 16. Rxd4 Bc5 17. Rfd1 Rd8
18. Nb5 Bxd4+ 19. Rxd4 Rxd4 20. Nxd4 Bd7 $11) 6. O-O $6 {Man musste die
Gelegenheit ergreifen, um Schwarz die Möglichkeit des Vorstoßes d5 zu
verweigern.} (6. d4 $1 cxd4 7. Nxd4 $14) 6... O-O $2 (6... d5 $1 $11 {wieder
geht Schwarz am Ausgleich vorbei}) 7. d4 cxd4 8. Nxd4 d6 9. Be3 Bd7 {Auf dem
Brett ist eine etwas bessere Igelstellung für Weiß entstanden. Es stehen
verschiedene Pläne zur Verfügung:} 10. Qd2 $6 {Dieser Zug ist ungenau. Besser
ist:} (10. Nb3 a6 11. f4 Rb8 12. a3 b6 13. Rc1 Bc8 14. Bf3 Bb7 15. Qe2 Nd7 16.
Rfd1 $14 {Short - Hernandez (Merida, 2001)}) (10. Rc1 Nxd4 11. Qxd4 Bc6 12.
Rfd1 b6 13. f3 Rc8 14. Qd2 Nd7 15. Nb5 Bxb5 16. cxb5 Nf6 17. Rc6 $14) 10... a6
$6 {Schwarz nutzt die Ungenauigkeit von Weiß nicht aus. Grundsätzlich gilt:
Wenn man raummäßig im Nachteil ist, sollte man Figuren tauschen. Hier bietet
sich der Tausch auf d4 an, zumal Weiß dann im Vergleich zur Partie Ivanchuks
ein Tempo verlieren würde (Dd2-Dd4)} (10... Nxd4 $1 11. Qxd4 (11. Bxd4 Bc6 12.
f3 Qa5 13. Rfd1 Rfd8 14. Nd5 Qxd2 15. Nxe7+ Kf8 16. Rxd2 Kxe7 $13 {Weiß hat
eher einen symbolischen Vorteil, der be genauer Verteidigung sehr schwer zu
realisieren sein wird.}) 11... Bc6 12. Rfd1 b6 13. f3 Rc8 $132) 11. Rac1 (11.
f3 Qb8 12. Rfd1 $2 b5 $1 13. cxb5 Nxd4 14. Bxd4 axb5 15. b4 Rc8 $132 {
Mihalcisin - Baramidze (Portoroz, 2005)}) 11... Rc8 $6 {Ziemlich planlos
gespielt. Man sollte versuchen zum Vorstoß b5 zu kommen.} (11... Qb8 $5 12. f4
b5 (12... Nxd4 $5 13. Bxd4 Bc6 14. Qe3 Nd7 15. Bd3 $14) 13. cxb5 (13. Bf3 $5
Nxd4 14. Bxd4 e5 15. Be3 bxc4 16. Nd5 Nxd5 17. exd5 Bf6 $11) 13... Nxd4 14.
Bxd4 axb5 15. e5 dxe5 16. fxe5 Nd5 17. Nxd5 exd5 $132) 12. b3 Nxd4 13. Bxd4 Bc6
14. f3 Qa5 (14... d5 15. cxd5 exd5 16. e5 Nd7 17. f4 $14) (14... Qd7 15. b4 $1
b5 16. Rfd1 bxc4 17. Bxc4 Qb7 18. a3 $14) 15. Rfd1 Qh5 (15... b5 $2 16. Nd5 Qd8
(16... Qxd2 17. Nxe7+ Kh8 18. Rxd2 $18) 17. Bb6 Qe8 18. Nxe7+ Qxe7 19. Qxd6 $18
) (15... Rfd8 16. Nd5 Qxd2 17. Nxe7+ Kf8 18. Rxd2 Kxe7 19. Rcd1 $14 {Hier hat
Weiß Zusatzchancen im Vergleich zur obigen Stellung, da Schwarz das Feld b6
geschwächt hat.}) 16. a4 {Hier ist die Schwächung des Feldes b4 nicht so
wichtig, da Schwarz den Springer c6 schon getauscht hat.} Qg6 (16... a5 17. Nb5
Ra8 (17... Nd7 18. Qxa5 Bg5 19. Ra1 Bf4 20. g3 Be5 21. Qc3 Bxb5 22. axb5 $16)
18. Bc3 $16) 17. b4 $14) 4. Nc3 Qc7 (4... Nc6 5. d4 cxd4 6. Nxd4 Qc7 $132 {
ist ebenfalls möglich.}) 5. Be2 b6 6. O-O {Wenn man zuerst d4 durchführt,
bekommt man es mit unerwarteten Schwierigkeiten zu tun:} (6. d4 cxd4 7. Nxd4
Bb7 8. Be3 Nf6 9. f3 Bd6 $1 10. Qd2 $8 (10. g3 {ist einfach nicht im Sinne der
Stellung} Be7 11. O-O d6 $132 {der g3-Bauer ist eine klare Schwächung}) (10.
Ndb5 {cool aber unkorekt} axb5 11. Nxb5 Bb4+ 12. Bd2 Qc5 (12... Bxd2+ 13. Qxd2
Qc6 14. e5 Ng8 15. Qg5 $18) 13. e5 Ng4 $3 (13... Bxd2+ 14. Qxd2 Qxe5 15. f4 Qc5
16. Nd6+ Ke7 17. Nxb7 Qc7 18. Bf3 Nc6 19. b4 Qxb7 20. b5 $132) 14. Nd6+ (14.
Bxb4 Qxb4+ 15. Qd2 Qxd2+ 16. Kxd2 Nxe5 17. f4 Nxc4+ 18. Bxc4 Ke7 $19) (14. fxg4
Bxd2+ 15. Qxd2 Bxg2 16. Nd6+ Kf8 17. Qf4 f6 18. exf6 g5 $3 $19) 14... Ke7 15.
fxg4 Bxg2 $17) 10... Bxh2 11. O-O-O $1 Bg3 12. Rh3 Be5 (12... h5 13. Ndb5 axb5
14. Nxb5 Qe5 (14... Qc6 15. Rxg3 $18) 15. f4 Nxe4 16. fxe5 Nxd2 17. Nd6+ Ke7
18. Nxb7 Ne4 19. Bf3 Bxe5 20. Bxe4 Rxa2 21. Bxb6 Bxb2+ 22. Kb1 Ra1+ 23. Kc2
Rxd1 24. Kxd1 $18) 13. f4 Bxd4 14. Qxd4 $16 {Die Varianten sprechen dafür,
dass man 6.d4 gut spielen kann, aber trotzdem ist 6.0-0 sicherer, vor allem
wenn man in Kauf nimmt, dass die Partie bei der WM gespielt wurde.}) 6... Bb7
7. d4 cxd4 8. Nxd4 Nf6 9. f3 Bd6 $2 {Wenn man den 10.Zug sieht, dann wird
sofort klar, dass} (9... Bc5 {sofort besser war, denn der König steht auf h1
in jedem Fall besser als auf g1.}) 10. Kh1 Bc5 (10... Bxh2 11. f4 Bg3 12. Qd3
e5 (12... Bh4 13. Qh3 Nxe4 14. Nxe4 Be7 15. Nc3 $18) 13. Nf5 Bxf4 14. Bxf4 exf4
15. Qd6 Qxd6 16. Nxd6+ Ke7 (16... Kd8 17. Nxf7+ Ke7 18. Nxh8 Nc6 19. Nd5+ Nxd5
20. cxd5 Ne5 21. Rxf4 $18) 17. Nxb7 Nc6 18. Rad1 $18) 11. Be3 O-O 12. Na4 d6
13. a3 $1 (13. Nxc5 $2 dxc5 14. Nc2 Nc6 $15 {/\Rad8-Nd4 Die Läufer haben hier
nur die Hälfte ihrer Kraft, da die Stellung geschloßen ist.}) 13... e5 (13...
Nc6 14. Nxc5 dxc5 15. Nxc6 Bxc6 16. b4 $1 $14 {Im Vergleich zu 13.Nc5 hat hier
Schwarz kein Gegenspiel mit Nc6-Nd4 und Weiß hat Initiative.}) 14. Nf5 Bxe3 15.
Nxe3 Nc6 16. Nc3 $14 {Weiß hat gute Aussichten, da Schwarz niemals mit
normalen Mitteln zu d5 kommt und daher kein Gegenspiel hat. Das Feld d4 ist
zwar schwach, aber der schwarze Springer, der sich dort positionieren wird,
kann allein auch nichts bewegen.} Nd4 17. Nc2 Nb3 18. Rb1 Rac8 19. Ne3 Nd4 20.
Rc1 g6 21. Bd3 Nh5 22. g3 Qd8 23. Ne2 Ne6 24. Nd5 Nhg7 25. Qd2 f5 26. Qe3 Nc5
27. b4 Nxd3 28. Qxd3 h5 29. Qe3 b5 30. cxb5 Rxc1 31. Rxc1 fxe4 32. fxe4 Bxd5
33. exd5 axb5 34. Qd3 Qb6 35. Nc3 Nf5 36. Ne4 Qd4 37. Qxd4 exd4 38. h3 Ra8 39.
g4 hxg4 40. hxg4 Ne3 41. Nxd6 d3 42. Ne4 Nxd5 43. Rc5 Ne3 44. Rc6 Nc4 45. Rxg6+
Kf7 46. Rg5 Rd8 47. Rxb5 Rd4 48. Rf5+ Ke7 49. Nf2 d2 50. g5 Re4 51. Rd5 Re1+
52. Kh2 Ke6 53. Rd4 Ke5 54. Rd8 (54. Rxd2 $3 Nxd2 55. Nd3+ $18) 54... Nd6 55.
Nd3+ Ke6 56. Nc5+ Kd5 57. Na4 Re2+ 58. Kg3 Re3+ 59. Kf2 d1=Q 0-1

[Event "FIDE World Cup"]
[Site "Khanty-Mansiysk"]
[Date "2005.12.04"]
[Round "3.5"]
[White "Smirin, Ilia"]
[Black "Kamsky, Gata"]
[Result "1/2-1/2"]
[WhiteElo "2673"]
[BlackElo "2690"]
[Annotator "Kritz,L"]
[PlyCount "100"]
[EventDate "2005.11.27"]
[EventType "k.o."]
[EventRounds "7"]
[EventCountry "RUS"]
[SourceTitle "CBM 111"]
[Source "ChessBase"]
[SourceDate "2006.04.04"]
[SourceVersion "1"]
[SourceVersionDate "2006.04.04"]
[SourceQuality "1"]

1. e4 c5 2. Nf3 e6 3. d4 cxd4 4. Nxd4 a6 5. Bd3 g6 {Eine relativ zu den
anderen (5....Bc5 und 5....Nf6) ziemlich selten gespielte Variante.} 6. c4 (6.
O-O {ist ebenfalls spielbar} Bg7 7. Be3 {man will den Springer auf d4 behalten,
um später evtl. f4-f5 durchzuführen.} Ne7 $1 (7... Nc6 8. Nxc6 dxc6 (8... bxc6
9. Nd2 $1 Bxb2 10. Rb1 Bg7 11. Nc4 $44) 9. Nd2 Ne7 10. Nc4 $14) 8. Nc3 Nbc6 9.
Nb3 O-O 10. Qd2 d5 $132) 6... Bg7 7. Nb3 d6 (7... Ne7 8. c5 $5 O-O 9. Nc3 d6
10. cxd6 Qxd6 11. Be3 $14) 8. O-O (8. Nc3 $1 Nf6 9. Be2 $5 {dieser Zug hat die
Idee, das Feld h5 unter Kontrolle zu nehmen und die d-Linie zu öffnen.} (9. Bf4
Nh5 (9... O-O $6 10. Be2 $1 e5 11. Be3 Be6 12. O-O $14) 10. Be3 O-O 11. O-O {
es geht in die Partiefortsetzung über}) 9... O-O (9... Nc6 10. Bf4 Ne5 11. c5
$16) 10. Bf4 e5 (10... Ne8 11. Qd2 $14) 11. Be3 $14 {Logischer Weise muss es
auch den Vorteil für Weiß geben, denn die Variante e6-a6-g6 kann einfach nicht
zum Ausgleich führen.}) 8... Nf6 9. Nc3 O-O 10. Bf4 (10. Bg5 {verspricht
kleinen Vorteil} Nbd7 11. Qd2 Qc7 12. Rfd1 Ne5 $1 (12... Re8 13. Be2 Bf8 14.
Qf4 e5 15. Qh4 $16 {Acs - Ghaem Maghami (Yerevan, 2000)}) 13. Rac1 (13. Bf1
Nxc4 14. Bxc4 Qxc4 15. Rac1 (15. Qxd6 Nxe4 16. Nxe4 Qxe4 $17) 15... Nxe4 16.
Nxe4 Qxe4 $17) 13... Nxd3 14. Qxd3 Ng4 $1 15. Qxd6 Qxd6 16. Rxd6 Be5 17. Rdd1
Bxh2+ 18. Kf1 f6 19. Bd2 Bc7 20. c5 $14) (10. Qe2 {ist strategisch falsch -
man muss den Druck auf der d-Linie ausüben} Qc7 11. Be3 b6 12. f4 Nbd7 13. Rac1
Bb7 14. Nd2 Rac8 $132) 10... Nh5 (10... Nc6 11. Be2 Ne5 12. c5 $16) 11. Be3 Nc6
(11... Nd7 12. Be2 $1 Bxc3 $8 13. bxc3 Nhf6 14. Qxd6 Nxe4 15. Qd4 $16) 12. Na4
(12. f4 b6 13. Qf3 Bb7 14. Qf2 Nf6 $1 15. Bxb6 Ng4 16. Bxd8 Nxf2 17. Kxf2 Rfxd8
18. Ke3 Rac8 $44) 12... Rb8 13. Qe2 Ne5 14. Nb6 (14. Rad1 Qh4 15. g3 Qh3 16. f4
Nxg3 17. hxg3 Qxg3+ 18. Kh1 Qh3+ $11 19. Qh2 $4 Qxh2+ 20. Kxh2 Ng4+ $19) 14...
Qh4 15. h3 Nf4 16. Bxf4 Qxf4 17. Rad1 Nd7 $11 {Weiß hat nach der Eröffnung
nichts erreicht, die einzige Schwäche im schwarzen Lager - der Bauer d6 - kann
von Schwarz leicht gedeckt werden, im Notfall mittels Rfd8-Bf8.} (17... Nxd3 $5
{sieht gut aus, doch hat taktische Mängel:} 18. Rxd3 f5 (18... Be5 19. g3 Qh6
20. f4 Bf6 21. Kg2 $14) 19. exf5 Be5 (19... gxf5 20. Nxc8 Rbxc8 21. Qxe6+ $16)
20. g3 Qxf5 21. f4 Bxb2 22. Nxc8 (22. Qxb2 Qxd3 $19) 22... Rbxc8 23. Rxd6 Bg7
24. g4 $1 (24. Rxe6 Qxh3 $15) 24... Qf6 25. c5 (25. Rxe6 Qc3 26. c5 Qxh3 27.
Re7 Rf7 $11) 25... Rce8 26. Nd4 $14) 18. g3 Qh6 19. Nxc8 Rfxc8 20. Kg2 Qg5 21.
f4 Qe7 22. Rd2 Nb6 23. Rc2 Rc7 24. Qe3 Na4 25. e5 Rbc8 26. exd6 Qxd6 27. Rff2
b5 28. cxb5 Rxc2 29. Rxc2 Rxc2+ 30. Bxc2 axb5 31. Qe2 b4 32. Nd2 Nxb2 33. Nf3
Bf6 34. h4 h5 35. Nd2 Qd5+ 36. Ne4 Bg7 37. Bb3 Qd4 38. Ng5 Qd6 39. f5 gxf5 40.
Qxh5 Qd7 41. Qe2 Qc6+ 42. Kh2 Qd6 43. Qb5 Qe7 44. Qb8+ Bf8 45. Qb5 Bh6 46. Nxe6
fxe6 47. Qxf5 Kg7 48. Bxe6 Qf6 49. Qg4+ Qg6 50. Qd4+ Qf6 1/2-1/2

[Event "FIDE World Cup"]
[Site "Khanty-Mansiysk"]
[Date "2005.12.04"]
[Round "3.6"]
[White "Kamsky, Gata"]
[Black "Smirin, Ilia"]
[Result "1-0"]
[WhiteElo "2690"]
[BlackElo "2673"]
[Annotator "Hazai,L"]
[PlyCount "167"]
[EventDate "2005.11.27"]
[EventType "k.o."]
[EventRounds "7"]
[EventCountry "RUS"]
[SourceTitle "CBM 111"]
[Source "ChessBase"]
[SourceDate "2006.04.04"]
[SourceVersion "1"]
[SourceVersionDate "2006.04.04"]
[SourceQuality "1"]

1. d4 Nf6 2. Nf3 g6 3. Bf4 Bg7 4. e3 d6 5. h3 O-O 6. Be2 b6 7. c4 Nbd7 8. Nc3
Bb7 9. O-O Ne4 (9... Re8 {- Zhukova-Wang Pin, FIDE World Cup 2000 CBM 79}) 10.
Nxe4 (10. a4 {doesn't seem a useful move here.} e5 11. Bh2 Nxc3 12. bxc3 a5 13.
Nd2 Qe7 14. Bf3 e4 15. Be2 Kh8 16. Qb3 Rac8 17. Rae1 f5 $13 {Balashov-Yuneev,
Miedzybrodzie 1991}) (10. Nd2 Nxd2 11. Qxd2 Nf6 (11... e5 $5) 12. b4 a6 13. a4
c5 $1 14. Rab1 Ne4 15. Nxe4 Bxe4 16. Rb2 e5 $1 $36 17. dxe5 dxe5 18. Qxd8 Rfxd8
19. Bg5 f6 20. Bh4 Rab8 $36 {Chemin-Chaves, Sao Paulo 1999}) 10... Bxe4 11. Bh2
(11. Rc1 e5 (11... c5 12. b3 e5 {looks crisper} (12... Nf6 13. d5 h6 {This
prophylactic move defends Black against White's attempts to catch the B on e4.}
(13... a6 $6 14. Nh4 Ne8 15. f3 $1 (15. Bf3 Bxf3 16. Nxf3 b5 17. e4 e5 $13 {
Ostl-Howell, Germany 1993}) 15... e6 16. Bg3 $16))) 12. Bg3 (12. Bh2 Bb7 13. b4
Qe7 14. Qc2 c5 15. bxc5 dxc5 16. d5 e4 17. Nd2 f5 $13 {Jussupow-K.Grigorian,
Frunze 1979}) (12. Bg5 Qe8 13. Bh4 h6 14. b4 a5 15. c5 {A desperate try in
order to change the course of the game.} axb4 16. cxd6 cxd6 17. dxe5 Nxe5 18.
Qxd6 Bxf3 19. Bxf3 Nxf3+ 20. gxf3 {(Finegold-Ehlvest, Las Vegas 2003)} Qe6 21.
Qxe6 fxe6 $15) 12... Re8 13. dxe5 Nxe5 14. Nxe5 Bxe5 15. Bxe5 Rxe5 $11 {
with mass exchanges leading to a boring equality, Kaloussis-Grivas, Nikea 1985.
}) (11. Bg3 c5 (11... Bb7) (11... h6 {This is not necessary at all.} 12. Nd2
Bb7 13. Bf3 Bxf3 14. Nxf3 f5 {Now Black has weakened his light squares.} (14...
c5) 15. Qb3 Kh7 16. Rad1 Qe8 17. d5 Nc5 18. Qc2 Ne4 19. Bh2 c5 20. dxc6 Qxc6
21. Nd4 Bxd4 22. exd4 Rf7 23. Qb3 Kg7 24. d5 $14 {Brunner-Voekler, Germany 1997
})) (11. Nd2 Bb7 12. Bf3 Bxf3 13. Nxf3 c5 (13... e5 {was also good enough for
equality.}) 14. Qd2 a6 15. a4 Qc7 16. Rfc1 Qb7 17. b4 Rfc8 18. Rab1 e5 19. Bh2
{1/2-1/2 Yuneev-Khalifman, Leningrad 1989}) (11. Qb3 e5 12. Bg3 Qe7 13. Rac1
Rab8 {fighting against c4-c5?!} 14. Rfd1 a5 15. Qb5 exd4 16. exd4 Rfe8 $11 {
Zhukova-Fominykh, Saint Vincent 2005}) 11... e5 (11... c5 {is the other way
attacking White's [+].} 12. Qd2 Nf6 13. Rfd1 Qd7 14. Rac1 Qb7 $11 {
Johansen-Kasimdzhanov, Mallorca 2004}) 12. Qd2 Qe7 13. Rfd1 (13. Rac1 a5 {
against b4} 14. Rfd1 Rad8 15. Ne1 {The N left his position. Now it is time to
react in the [+].} exd4 16. exd4 Rfe8 17. Bf3 Nf6 $11 {Nalivajko-Andreikin,
Kharkov 2005}) (13. Rad1 Rfd8 14. Qc1 {The h2 B remains entombbed.} a5 15. b3 {
1/2-1/2 Ehlvest-Ivanchuk, New Delhi/Teheran 2000}) 13... Rfd8 {Black has
equalized completely, the h2 B remains passive.} 14. Rac1 a5 {fighting against
b4.} 15. Qe1 Bb7 (15... Re8 $5) 16. Qd2 e4 $6 {Smirin according to his style
wants to attack on the >>. However then the h2 B becomes very important again.}
(16... Be4 {with repetition of moves.}) (16... f5 $5 {looked more flexible.})
17. Ne1 {/\ Nc2-a3} f5 {Black continues the wrong plan. He had to do something
against White's concentration on the <<.} 18. Nc2 g5 19. Na3 Rf8 $6 (19... Rac8
20. Nb5 Qf6) 20. Nb5 {It was a long way to activate the N, but Black's
attacking threats on the >> are still not real.} Nf6 $2 {Completely ignoring
White's threats.} (20... Rac8) 21. c5 $1 {It became clear that White came
first on the << "thanks to" the opening of the h2-b8 /^.} dxc5 (21... Ne8 22.
cxb6 cxb6 23. Bh5 $1 $16) 22. dxc5 $6 (22. Bxc7 $1 Rfc8 (22... Nd7 23. Bd6 Qf6
24. Bxf8 {winning the exchange.}) 23. Bxb6 cxd4 24. Bxd4 $18 {and White is a
healthy P up.}) 22... Rad8 {Now Black is back again.} 23. Bc4+ Kh8 24. Qe2
Rxd1+ 25. Rxd1 f4 {Black's last chance is fishing in troubled waters.} (25...
Ne8 26. cxb6 cxb6 27. Nd6 $16) 26. exf4 Qxc5 27. f5 $6 (27. Nxc7 $1 Qxc7 28.
fxg5 {would have won the P simply.}) 27... Nd5 28. Bxd5 Bxd5 29. Nxc7 Rxf5 {
White is still a little bit better but the fight begins again.} 30. b3 Bg8 (
30... Bd4 $6 31. Bg3) 31. Ne8 (31. Bg3 {was the prophylactic move.}) 31... Bd4
(31... Rd5 $1 32. Nxg7 Rxd1+ 33. Qxd1 Kxg7 {and the ^- gives Black excellent
drawing chances.}) 32. Bg3 Rd5 (32... e3 33. fxe3 Bxe3+ 34. Kh1 $16) 33. Nc7
Rf5 34. Nb5 (34. Na6 $5 {doesn't look nice, but it can be effective...} Qd5 35.
Rd2) 34... Be5 (34... Qxb5 35. Qxb5 Rxb5 36. Rxd4 Rc5 37. Rxe4 $16 {is a
difficult _|_ for Black, if he cannot exchange rooks. Here the ^- is not so
drawish, as without rooks.}) 35. Nd6 Rf8 36. Nxe4 $18 {Finally White has won a
healthy P.} Qc7 37. Rd7 Qc1+ 38. Kh2 Bxg3+ 39. Nxg3 Qc3 40. f3 Qf6 41. Qe3 Qf4
42. Qxf4 gxf4 43. Ne2 {In the _|_ >< f4 and b6 are weak.} a4 44. bxa4 Bc4 45.
Nc3 Rg8 46. Rd2 {White is now two pawns up, but he cannot find the clear-cut
way for the win.} Rc8 47. Rd4 Bf1 48. Ne4 Rc2 49. Nd2 Ba6 50. a3 Ra2 51. Nc4
Rc2 52. Nd2 Ra2 53. Kg1 Ra1+ 54. Kh2 Ra2 55. Rd6 Rxa3 56. Rxb6 Rxa4 57. Ne4 {
The >< f4 will fall soon or later.} Ra2 58. Nc3 Ra5 59. Rf6 Ra3 60. Ne4 Bf1 61.
Rxf4 {The rest is easy.} Ra2 62. Rg4 Bd3 63. Nf6 Bg6 64. h4 Kg7 65. Nd5 Kh6 66.
Rd4 Rb2 67. Kh3 Rf2 68. Nf4 Bf5+ 69. Kg3 Ra2 70. Rd5 Bc8 71. Rc5 Bb7 72. Rb5
Ba6 73. Rb6+ Kg7 74. h5 Bf1 75. h6+ Kf7 76. Rb7+ Kg8 77. Rg7+ Kh8 78. Re7 Ra8
79. Kf2 Bc4 80. Rc7 Bg8 81. g4 Ra2+ 82. Kg3 Ra3 83. g5 Ra5 84. g6 1-0